Cooperation over International Water Resources: a Case from the Danube River Basin

Bibliographic Details
Main Authors: Voza, Danijela (Author), Takić, Ljiljana (Author), Vuković, Milovan (Author), Štrbac, Nada (Author)
Format: Article
Language:English

MARC

LEADER 00000nab a2200000uu 4500
001 vtls011498621
003 SK-MaSNL
005 20260303155018.0
008 230222|2014 xo |||||||||||||||||eng|
015 |a SNBRB 
035 |a (urnnbn)urn:nbn:sk:snk:ar-a0a6py 
035 |a (uuid)81373097-ef09-4ada-81af-838f7ba45457 
035 |a urn:nbn:sk:snk-abdtmc 
040 |a SNKBUCL  |b slo  |c SNKBUCL  |e AACR2 
041 0 |a eng 
044 |a xo  |c SK 
100 1 |a Voza, Danijela  |4 aut  |9 1178147 
245 1 0 |a Cooperation over International Water Resources: a Case from the Danube River Basin  |c Danijela Voza, Ljiljana Takić, Milovan Vuković, Nada Štrbac 
700 1 |a Takić, Ljiljana  |4 aut  |9 1178148 
700 1 |a Vuković, Milovan  |4 aut  |9 1178149 
700 1 |a Štrbac, Nada  |4 aut  |9 1178150 
773 0 |t Sociológia : časopis Sociologického ústavu Slovenskej akadémie vied  |g Roč. 46, č. 3 (2014), s. 320-342 
958 |a OND 
958 |a EUIPO 
958 |a article20 
999 |c 2038248  |d 2040178